CRICKET FOR THE CROCODILE (Record no. 2778)
[ view plain ]
| 000 -LEADER | |
|---|---|
| fixed length control field | 00583nam a22001337a 4500 |
| 020 ## - INTERNATIONAL STANDARD BOOK NUMBER | |
| ISBN | 978-0-143-33403-3 |
| 082 ## - DEWEY DECIMAL CLASSIFICATION NUMBER | |
| Classification number | 823 |
| Item number | BON/C |
| 245 ## - TITLE STATEMENT | |
| Title | CRICKET FOR THE CROCODILE |
| 260 ## - PUBLICATION, DISTRIBUTION, ETC. (IMPRINT) | |
| Place of publication | GURGAON |
| Name of publisher | PUFFIN BOOKS |
| Year of publication | 2016 |
| 300 ## - PHYSICAL DESCRIPTION | |
| Number of Pages | 48 |
| 520 ## - SUMMARY, ETC. | |
| Summary, etc | Ranji's team finds an unexpected opponent-a nosy crocodile-when they play a cricket match against the village boys. Annoyed at the swarms of boys crowding the riverbank and the alarming cricket balls plopping around his place of rest, Nakoo the crocodile decides to take his revenge. |
| 650 ## - SUBJECT ADDED ENTRY--TOPICAL TERM | |
| Topical Term | CHILDRENS STORY BOOK |
| Geographic subdivision | INDIA |
| 942 ## - ADDED ENTRY ELEMENTS (KOHA) | |
| Koha item type | Books |
| Withdrawn status | Lost status | Collection code | Home library | Current library | Shelving location | Date acquired | Source of acquisition | Cost, normal purchase price | Full call number | Accession Number | Koha item type |
|---|---|---|---|---|---|---|---|---|---|---|---|
| Fiction | Main Library | Main Library | SHELF-14B -ALPHABETICAL -B--ENGLISH NOVELS & FICTIONS | 25/01/2019 | purchase | 175.00 | 823 BON/C | 10697 | Books |